| 000 | 01114nam0a22002411 4500 | ||
|---|---|---|---|
| 001 | rc\1134572 | ||
| 005 | 20260406164432.0 | ||
| 035 | _a(NLR Aleph) 006375569 | ||
| 090 |
_a5037957 _c5037957 |
||
| 100 | _a20041126d1980 |||y0rusy50 ca | ||
| 101 | 0 | _arus | |
| 102 | _aRU | ||
| 105 | _ay ||||||||| | ||
| 200 | 1 |
_aСоциалистическое воспроизводство: проблемы повышения экономической эффективности _e[Сб. статей] _fМГУ им. М.В. Ломоносова, Каф. полит. экономии естеств. фак. _gПод ред. А.И. Вострокнутова |
|
| 210 |
_aМ. _cИзд-во МГУ _d1980 |
||
| 215 |
_a163 с. _d21 |
||
| 702 | 1 |
_aВострокнутов _bА.И. _gАнатолий Иванович _4340 |
|
| 712 | 0 | 2 |
_aМГУ им. М. В. Ломоносова _bКафедра политической экономии естественных факультетов _3RU\NLR\AUTH\889935843 _9366550 |
| 801 | 0 |
_aRU _bNLR _gpsbo |
|
| 801 | 1 |
_aRU _bELAR _2rusmarc |
|
| 852 |
_aNLR _j81-3/2902 |
||
| 942 | _cBOOK | ||
| 980 | _aNB | ||